Plus grandes villes du monde par lettre - P - Statistiques

Statistiques générales
  • Ce quiz a été pris 515 fois
  • Le résultat moyen est 7 sur 16
Statistiques - réponses
Pays Population Ville % Correct
France 13.115 Mio Paris
100%
Chine 21.893 Mio Pékin
95%
Corée du Nord 3.472 Mio Pyongyang
80%
Haïti 3.744 Mio Port-au-Prince
73%
Afrique du Sud 3.275 Mio Prétoria
72%
États-Unis 7.210 Mio Philadelphie
68%
Cambodge 3.325 Mio Phnom Penh
60%
États-Unis 3.260 Mio Portland
50%
États-Unis 5.002 Mio Phoenix
35%
Brésil 4.318 Mio Porto Alegre
28%
États-Unis 2.603 Mio Pittsburgh
24%
Inde 6.227 Mio Pune
16%
Mexique 3.169 Mio Puebla - Tlaxcala
15%
Pakistan 4.269 Mio Peshawar
10%
Inde 2.803 Mio Patna
6%
Indonésie 2.542 Mio Palembang
5%
Aucun quiz correspondant
Distribution des résultats
% des personnes avec chaque résultat
Percentile par nombre de réponses
Votre historique - résultats
Vous n’avez pas pris ce quiz